[Event "Challenge"]
[Site "http://www.queenalice.com/game.php?id=158232"]
[Date "2007.1.24"]
[Round "-"]
[White "farofa38"]
[Black "Facu"]
[Result "1-0"]
[WhiteElo "1488"]
[BlackElo "1366"]

1. e4 e5 2. c3 Nf6 3. Qf3 Nc6 4. Bc4 d6 5. h3 Na5 6. Bb5+ c6 7. Ba4 Be7 8. g4
O-O 9. g5 Nd7 10. h4 Nc5 11. b3 Ne6 12. d3 Nf4 13. b4 b5 14. Bd1 Rb8 15. bxa5
Qxa5 16. Bd2 Be6 17. a3 c5 18. Bxf4 exf4 19. Qxf4 d5 20. Nf3 d4 21. Ke2 dxc3 22.
h5 b4 23. h6 Rbd8 24. hxg7 Qb5 25. Bc2 b3 26. Qh4 f6 27. gxf6 Kf7 28. gxf8=Q+
Bxf8 29. Ne5+ Kg8 30. Qxh7# 1-0

[Event "Let's Play Chess!"]
[Site "http://www.queenalice.com/game.php?id=158371"]
[Date "2007.1.24"]
[Round "-"]
[White "Facu"]
[Black "CampbellMarcel"]
[Result "1-0"]
[WhiteElo "1478"]
[BlackElo "400"]

1. e4 d5 2. Nc3 d4 3. Nd5 c6 4. Nf4 e5 5. Nd3 c5 6. Nxe5 Nf6 7. f3 Nbd7 8. Nc4
b5 9. Na3 a6 10. Qe2 c4 11. e5 Nd5 12. Qe4 Bxa3 13. bxa3 N7b6 14. Ne2 O-O 15.
Nxd4 f5 16. Qe2 Nf4 17. Qf2 Re8 18. Be2 Rxe5 19. Qg3 Nbd5 20. Qf2 Nxe2 21. Nxe2
1-0

[Event "AUTO-BEG-65"]
[Site "http://www.queenalice.com/game.php?id=158420"]
[Date "2007.1.24"]
[Round "1"]
[White "x_3mta3"]
[Black "Facu"]
[Result "0-1"]
[WhiteElo "1183"]
[BlackElo "1364"]

1. d4 d5 2. b3 c6 3. c4 Nf6 4. cxd5 Nxd5 5. Nf3 e6 6. Bg5 f6 7. Bd2 e5 8. dxe5
Nd7 9. e4 N5b6 10. exf6 Nxf6 11. Ng5 h6 12. Na3 hxg5 13. e5 Ne4 14. Be3 Bb4+ 15.
Ke2 Nc3+ 16. Kf3 Nxd1 17. Bd2 Qxd2 18. Be2 Nc3 19. Bc4 Nxc4 20. Nxc4 Qe2+ 21.
Kg3 Ne4# 0-1

[Event "AUTO-BEG-65"]
[Site "http://www.queenalice.com/game.php?id=158421"]
[Date "2007.1.24"]
[Round "1"]
[White "Facu"]
[Black "x_3mta3"]
[Result "0-1"]
[WhiteElo "1478"]
[BlackElo "1129"]

1. e4 Nf6 2. Nc3 d6 3. f3 g5 4. Nh3 c5 5. Bb5+ Nc6 6. O-O g4 7. Nf2 gxf3 8. Qxf3
Rg8 9. h3 Rg5 10. Qf4 h6 11. Nd5 Nxe4 12. Nxe4 Rg7 13. Qxh6 Qd7 14. Ng5 f6 15.
Nh7 Qxh3 16. Nc7+ Kf7 17. Kf2 Qg3+ 18. Ke2 Bg4+ 19. Rf3 Qxg2+ 20. Ke1 Nd4 21.
Ba4 Qxf3 22. Qh4 Qe2# 0-1

[Event "AUTO-BEG-65"]
[Site "http://www.queenalice.com/game.php?id=158428"]
[Date "2007.1.24"]
[Round "1"]
[White "rodrigohuii"]
[Black "Facu"]
[Result "0-1"]
[WhiteElo "1350"]
[BlackElo "1316"]

1. e4 e5 2. Nf3 Nc6 3. Nc3 Nf6 4. d3 Bc5 5. Be2 O-O 6. Nd5 d6 7. Bg5 Nd4 8. Bxf6
gxf6 9. c3 Nb5 10. d4 Bb6 11. c4 Nxd4 12. Nxb6 cxb6 13. Nxd4 exd4 14. Qxd4 a6
15. O-O Be6 16. Rad1 Re8 17. h3 f5 18. e5 dxe5 19. Qxe5 Qg5 20. f4 Qg3 21. Rf3
Qh4 22. Bd3 f6 23. Qc7 b5 24. Bf1 bxc4 25. g3 Qh5 26. Bxc4 Qxf3 27. Bxe6+ Rxe6
28. Rd8+ Rxd8 29. Qxd8+ Kf7 30. Qd7+ Re7 31. Qxf5 Re1+ 0-1

[Event "AUTO-BEG-65"]
[Site "http://www.queenalice.com/game.php?id=158429"]
[Date "2007.1.24"]
[Round "1"]
[White "Facu"]
[Black "rodrigohuii"]
[Result "0-1"]
[WhiteElo "1303"]
[BlackElo "1335"]

1. e4 e5 2. Nf3 Nf6 3. Nc3 Bb4 4. Nxe5 Bxc3 5. bxc3 Qe7 6. d4 Nxe4 7. Qd3 Nd6 8.
Ba3 Qf6 9. Qe3 O-O 10. Rb1 Re8 11. Bc4 Nxc4 12. Qc1 Nxe5 13. O-O d5 14. dxe5
Rxe5 15. Rb5 c6 16. Rb4 c5 17. Ra4 Bd7 18. Rf4 Qg5 19. Bxc5 Bh3 20. g3 Bxf1 21.
Kxf1 Nd7 22. Bd6 Re4 23. f3 Rxf4 24. gxf4 Qh5 25. Ke2 Re8+ 26. Kf2 Qxh2+ 0-1

[Event "Emotion"]
[Site "http://www.queenalice.com/game.php?id=160573"]
[Date "2007.1.29"]
[Round "-"]
[White "Facu"]
[Black "Moondawg"]
[Result "0-1"]
[WhiteElo "1389"]
[BlackElo "1615"]

1. e4 e5 2. Nf3 Nc6 3. Nc3 Nf6 4. Bc4 h6 5. O-O a6 6. b3 d6 7. h3 b5 8. Bd3 Be7
9. Nd5 Nxd5 10. exd5 Na7 11. c4 Bb7 12. Be4 O-O 13. a4 Qd7 14. Ba3 c6 15. dxc6
Nxc6 16. axb5 axb5 17. cxb5 Nd4 18. Rc1 Bxe4 19. d3 Bxf3 20. gxf3 Rxa3 21. Rc3
Qxh3 22. Re1 Nxf3+ 23. Qxf3 Qxf3 24. Re3 Qd1+ 25. Kg2 Rxb3 26. Rxb3 Qxb3 27. b6
Qxb6 0-1

[Event "grande Pincha"]
[Site "http://www.queenalice.com/game.php?id=162596"]
[Date "2007.2.2"]
[Round "-"]
[White "Facu"]
[Black "ProblemChild"]
[Result "0-1"]
[WhiteElo "1392"]
[BlackElo "1394"]

1. e4 Nf6 2. Nc3 e5 3. Nf3 Nc6 4. Bc4 Bc5 5. O-O O-O 6. d3 d6 7. h3 Be6 8. Bg5
h6 9. Bh4 Bxc4 10. dxc4 g5 11. Nxg5 hxg5 12. Bxg5 Nb8 13. Nd5 Nbd7 14. Kh1 Re8
15. f4 exf4 16. Rxf4 Re6 17. Rg4 Nxg4 18. Bxd8 Nf2+ 19. Kg1 Nxd1+ 20. Kh2 Nxb2
21. Bg5 Nxc4 22. Nxc7 Rc8 23. Nd5 f6 24. Bh4 Ne3 25. Rb1 Rxe4 26. Bxf6 Nxd5 0-1

[Event "Challenge"]
[Site "http://www.queenalice.com/game.php?id=167157"]
[Date "2007.2.11"]
[Round "-"]
[White "gilsinho22"]
[Black "Facu"]
[Result "1-0"]
[WhiteElo "1432"]
[BlackElo "1347"]

1. e4 e5 2. Qh5 Nf6 3. Qxe5+ Qe7 4. Qxe7+ Bxe7 5. e5 Ng4 6. d4 Nc6 7. Ne2 Bh4 8.
g3 Be7 9. Bh3 Nh6 10. Nbc3 Nb4 11. O-O Nxc2 12. Bf4 d6 13. Kg2 Nf5 14. g4 Nh4+
15. Kh1 Nxa1 16. Rxa1 dxe5 17. Bxe5 O-O 18. Rd1 c6 19. f4 b5 20. Bg2 Bb7 21. Ng3
f6 22. Bc7 Rac8 23. Ba5 Bd6 24. Nf5 Nxf5 25. gxf5 Bxf4 26. a4 a6 27. Bb4 Rfe8
28. d5 Re5 29. Bd6 Rxf5 30. Be4 Rh5 31. Bxf4 Rh4 32. Bg3 Rh5 33. d6 Rd8 34. axb5
axb5 35. b4 f5 36. Bf3 Rg5 37. Re1 1-0

[Event "Challenge"]
[Site "http://www.queenalice.com/game.php?id=168624"]
[Date "2007.2.14"]
[Round "-"]
[White "Moondawg"]
[Black "Facu"]
[Result "1-0"]
[WhiteElo "1648"]
[BlackElo "1309"]

1. e4 e5 2. Nf3 Nc6 3. Nc3 d6 4. d4 Nf6 5. Bb5 a6 6. dxe5 dxe5 7. Bxc6+ bxc6 8.
Nxe5 Qxd1+ 9. Nxd1 Bd6 10. Nxc6 Bb7 11. Nd4 Bxe4 12. O-O Bc5 13. c3 a5 14. Bg5
Nd5 15. Re1 O-O 16. Rxe4 Rae8 17. Rxe8 Rxe8 18. Ne3 Nb6 19. a3 f6 20. Bf4 Bd6
21. Bxd6 cxd6 22. Kf1 g6 23. b3 Rc8 24. c4 f5 25. Nd5 Nd7 26. Ne7+ Kf8 27. Nxc8
1-0

[Event "Challenge"]
[Site "http://www.queenalice.com/game.php?id=173545"]
[Date "2007.2.24"]
[Round "-"]
[White "charles31"]
[Black "Facu"]
[Result "1-0"]
[WhiteElo "1627"]
[BlackElo "1349"]

1. e4 e5 2. Nf3 Nc6 3. d4 exd4 4. Nxd4 Qe7 5. f3 d5 6. Nc3 Nf6 7. Bb5 Bd7 8. Bg5
O-O-O 9. Bxc6 bxc6 10. Qe2 h6 11. Qa6+ Kb8 12. Nxc6+ Bxc6 13. Bh4 Bb7 14. Qe2
Qb4 15. Bxf6 gxf6 16. O-O-O d4 17. Qb5 dxc3 18. Rxd8# 1-0

[Event "Challenge"]
[Site "http://www.queenalice.com/game.php?id=173546"]
[Date "2007.2.24"]
[Round "-"]
[White "Facu"]
[Black "charles31"]
[Result "0-1"]
[WhiteElo "1336"]
[BlackElo "1660"]

1. e4 e5 2. Nf3 f6 3. Bc4 Ne7 4. d4 d5 5. exd5 Nxd5 6. dxe5 c6 7. O-O f5 8. e6
Be7 9. Ne5 Bxe6 10. Qh5+ g6 11. Nxg6 Rg8 12. Nxe7+ Bf7 13. Qxf5 Qxe7 14. Qxh7
Nd7 15. Qh3 O-O-O 16. Nc3 Rh8 17. Qg3 Rdg8 18. Qf3 Ne5 19. Qe4 Nxc4 20. Qxc4
Rxg2+ 0-1

[Event "Challenge"]
[Site "http://www.queenalice.com/game.php?id=180295"]
[Date "2007.3.11"]
[Round "-"]
[White "Facu"]
[Black "cassi12"]
[Result "1-0"]
[WhiteElo "1333"]
[BlackElo "1017"]

1. e4 e5 2. Nf3 d6 3. Bc4 Bg4 4. h3 Be6 5. d3 Qf6 6. Bg5 Qg6 7. h4 Bg4 8. Qd2
Bxf3 9. gxf3 Nc6 10. Nc3 Nd4 11. Rh3 Rc8 12. Nb5 d5 13. exd5 a6 14. Na7 Ra8 15.
Nc6 bxc6 16. dxc6 Rb8 17. O-O-O Bb4 18. c3 Qxc6 19. cxb4 f6 20. Be3 Nxf3 21. Qe2
Rxb4 22. Rxf3 Ne7 23. Rh3 Qa4 24. b3 Qa3+ 25. Qb2 Qa5 26. a3 Rb7 27. Rg3 Nf5 28.
Be6 Nxg3 29. fxg3 Rf8 30. Bd5 1-0

[Event "Challenge"]
[Site "http://www.queenalice.com/game.php?id=180754"]
[Date "2007.3.12"]
[Round "-"]
[White "Facu"]
[Black "yanipasque"]
[Result "1-0"]
[WhiteElo "1333"]
[BlackElo "1357"]

1. e4 e5 2. Bc4 Nf6 3. d3 Ng4 4. Qxg4 c6 5. Bd2 d6 6. Qf3 Be6 7. Nh3 c5 8. Ng5
f6 9. Nxe6 Qb6 10. Bb5+ Qxb5 11. Nc7+ Kd8 12. Nxb5 Nc6 13. Qh5 g6 14. Qf3 a6 15.
Qxf6+ Ne7 16. Qxh8 axb5 17. Qxf8+ Kc7 18. Qxa8 Nc6 19. Bg5 Nb8 20. Bd8+ Kc8 21.
Na3 Kxd8 22. Qxb8+ Ke7 23. Qxb7+ Ke6 24. Nxb5 d5 25. Nc7+ Ke7 26. Nxd5+ Ke6 27.
Qc6+ 1-0

[Event "Challenge"]
[Site "http://www.queenalice.com/game.php?id=182950"]
[Date "2007.3.16"]
[Round "-"]
[White "FKafka"]
[Black "Facu"]
[Result "0-1"]
[WhiteElo "1123"]
[BlackElo "1339"]

1. g3 e5 2. Nf3 Nc6 3. Bg2 d6 4. c3 Bf5 5. d3 f6 6. Qa4 Ne7 7. Be3 Nc8 8. O-O
Nb6 9. Qa3 d5 10. b4 d4 11. cxd4 exd4 12. Bxd4 Nxd4 13. Nxd4 Qxd4 14. Bxb7 Rb8
15. Bc6+ Nd7 16. Nc3 Bxb4 17. Bxd7+ Bxd7 18. Qb2 O-O 19. Rac1 Bg4 20. e3 Qxd3
21. Qxb4 Rxb4 22. a3 Rb3 23. Nd1 Bh3 24. Re1 Qd2 25. Re2 Qxe2 26. Nc3 Rxc3 27.
Rxc3 Qe1# 0-1